European economic integration : the common market, european union and beyond

Αποθηκεύτηκε σε:
Λεπτομέρειες βιβλιογραφικής εγγραφής
Κύριος συγγραφέας: Swann, Dennis
Μορφή: Βιβλίο
Γλώσσα:English
Δημοσίευση: Cheltenham : Edward Elgar, c1996
Θέματα:
Ετικέτες: Προσθήκη ετικέτας
Δεν υπάρχουν, Καταχωρήστε ετικέτα πρώτοι!

MARC

LEADER 00000cam a2200000 i 4500
001 1/51482
008 980310s1996 eng d
020 |a 1852787732 
035 |l 10027180 
040 |a GR-MY-UA  |b gre  |e aacr 
041 0 |a eng 
082 0 |a 337.14 
100 1 |a Swann, Dennis. 
245 1 0 |a European economic integration :  |b the common market, european union and beyond /  |c Dennis Swann 
260 |a Cheltenham :   |b Edward Elgar,   |c c1996 
300 |a ix, 208 p. 
504 |a Includes bibliography and index 
651 0 |a Europe  |x Economic integration. 
651 0 |a European Union countries  |x Economic policy. 
852 |a INST  |b CHIOS  |e 19980310  |h 337.14 SWA  |p 005200009770  |q 005200009770  |t BK  |y 0 
901 |a BIBL-1997-3 
909 |a Χ  |b 053850 
922 |a 2ΕΛΗ  |b 199802  |c ΤΔΕ  |d ΠΑΠΑΣΩΤΗΡΙΟΥ